Festival de Cannes 2023 - Statistiques

Statistiques générales
  • Ce quiz a été pris 95 fois
  • Le résultat moyen est 5 sur 7
Statistiques - réponses
Question Réponse % Correct
Quel film a reçu la palme d'or ? ANATOMIE D’UNE CHUTE de Justine TRIET
97%
Quel film a reçu le grand prix ? THE ZONE OF INTEREST de Jonathan GLAZER
92%
Quel homme a reçu le prix d'interprétation masculine ? Koji YAKUSHO dans PERFECT DAYS
79%
Quel film a reçu le prix du jury ? LES FEUILLES MORTES de Aki KAURISMÄKI
68%
Quelle femme a reçu le prix d'interprétation féminine ? Merve DIZDAR dans LES HERBES SÈCHES
47%
Quelle personne a reçu le prix de la mise en scène ? Hùng TRAN ANH pour LA PASSION DE DODIN BOUFFANT
45%
Quelle personne a reçu le prix du scénario ? Yugi SAKAMOTO pour MONSTER
42%
Aucun quiz correspondant
Distribution des résultats
% des personnes avec chaque résultat
Percentile par nombre de réponses
Votre historique - résultats
Vous n’avez pas pris ce quiz